Влияние нейропептида Y на поведение и уровня норадреналина в мозге [The influence of neuropeptide Y on the behaviour and dynamics of noradrenaline level in the brain]

Elmentve itt :
Bibliográfiai részletek
Szerzők: Borisova E. V.
Szabó Gyula
Zhuravlev B. V.
Telegdy Gyula
Dokumentumtípus: Cikk
Megjelent: 1989
Sorozat:BYULLETEN EKSPERIMENTALNOI BIOLOGII I MEDITSINY 107 No. 8
Tárgyszavak:
mtmt:1230667
Online Access:http://publicatio.bibl.u-szeged.hu/32693
LEADER 00953nab a2200229 i 4500
001 publ32693
005 20250506090104.0
008 250506s1989 hu o 000 rus d
022 |a 0365-9615; 2413-1008 
024 7 |a 1230667  |2 mtmt 
040 |a SZTE Publicatio Repozitórium  |b hun 
041 |a rus 
100 1 |a Borisova E. V. 
245 1 0 |a Влияние нейропептида Y на поведение и уровня норадреналина в мозге [The influence of neuropeptide Y on the behaviour and dynamics of noradrenaline level in the brain]  |h [elektronikus dokumentum] /  |c  Borisova E. V. 
260 |c 1989 
300 |a 132-135 
490 0 |a BYULLETEN EKSPERIMENTALNOI BIOLOGII I MEDITSINY  |v 107 No. 8 
650 4 |a Általános orvostudomány 
700 0 1 |a Szabó Gyula  |e aut 
700 0 1 |a Zhuravlev B. V.  |e aut 
700 0 1 |a Telegdy Gyula  |e aut 
856 4 0 |u http://publicatio.bibl.u-szeged.hu/32693/1/aok_klny_76_89.pdf  |z Dokumentum-elérés